000 01016nam a2200301 i 4500
003 EG-GICUC
005 20260425192535.0
008 260420s1939 ua ||||fr|||| 00| 0 fre d
040 _aEG-GiCUC
_bfre
_cEG-GiCUC
_dEG-GiCUC
_eRda
041 0 _afre
082 0 4 _221
_a343.54
_bIB . P
092 0 4 _221
099 _aLaw1 10 343.54 IB . P 1939
100 1 _aIbrahim, Wahib
_eAuteur
245 1 3 _aLa police judiciaire en Égypte :
_bétude de droit criminel (comparative) /
_cpar Wahib Ibrahim
264 1 _aParis :
_b Librairie de Jurisprudence Ancienne et Moderne,
_c1939.
300 _a133 page ;
_c 24 cm.
336 _2rda contenu
_a texte
337 _2rda medias
_aOrdinateur
338 _2 transporteur rda
_a Ressource en ligne
504 _aComprend des références bibliographiques.
546 _aTexte en français
650 1 4 _aDroit criminel compare
_2qrmak
651 1 _2qrmak
856 4 0 _uhttps://fll.law.cu.edu.eg/fulltext/bks/B10-09156.pdf
905 _a74
942 _2ddc
_n0
_cBK
_e21
999 _c72070
_d72070